Digital Signal Processing: (Record no. 589878)
[ view plain ]
| 000 -LEADER | |
|---|---|
| fixed length control field | 00455nam a22001577a 4500 |
| 020 ## - INTERNATIONAL STANDARD BOOK NUMBER | |
| International Standard Book Number | 9788131708248 |
| 040 ## - CATALOGING SOURCE | |
| Transcribing agency | NUST |
| 082 ## - DEWEY DECIMAL CLASSIFICATION NUMBER | |
| Classification number | 621.3822 IFE |
| 100 ## - MAIN ENTRY--PERSONAL NAME | |
| Personal name | Ifeachor, Emmanuel |
| 9 (RLIN) | 91726 |
| 110 ## - MAIN ENTRY--CORPORATE NAME | |
| Corporate name or jurisdiction name as entry element | Jervis, Barrie W. |
| 9 (RLIN) | 91727 |
| 245 ## - TITLE STATEMENT | |
| Title | Digital Signal Processing: |
| Remainder of title | A Practical Approach |
| 250 ## - EDITION STATEMENT | |
| Edition statement | 2nd Edition |
| 260 ## - PUBLICATION, DISTRIBUTION, ETC. | |
| Place of publication, distribution, etc. | India: |
| Name of publisher, distributor, etc. | Person Education, |
| Date of publication, distribution, etc. | 2011. |
| 650 ## - SUBJECT ADDED ENTRY--TOPICAL TERM | |
| Topical term or geographic name entry element | DEE TEXT BOOK.DIGITAL SIGNAL PROCESSING |
| 9 (RLIN) | 91749 |
| 942 ## - ADDED ENTRY ELEMENTS (KOHA) | |
| Source of classification or shelving scheme | |
| Koha item type | Text Books |
| Withdrawn status | Lost status | Source of classification or shelving scheme | Damaged status | Not for loan | Permanent Location | Current Location | Shelving location | Date acquired | Total Checkouts | Full call number | Barcode | Date last seen | Price effective from | Koha item type |
|---|---|---|---|---|---|---|---|---|---|---|---|---|---|---|
| College of Electrical & Mechanical Engineering (CEME) | College of Electrical & Mechanical Engineering (CEME) | Text Books | 05/23/2022 | 621.3822 IFE | CEME-48144 | 05/23/2022 | 05/23/2022 | Reference | ||||||
| College of Electrical & Mechanical Engineering (CEME) | College of Electrical & Mechanical Engineering (CEME) | Text Books | 05/23/2022 | 621.3822 IFE | CEME-48145 | 05/23/2022 | 05/23/2022 | Reference | ||||||
| College of Electrical & Mechanical Engineering (CEME) | College of Electrical & Mechanical Engineering (CEME) | Text Books | 05/23/2022 | 621.3822 IFE | CEME-48146 | 05/23/2022 | 05/23/2022 | Reference | ||||||
| College of Electrical & Mechanical Engineering (CEME) | College of Electrical & Mechanical Engineering (CEME) | Text Books | 05/23/2022 | 621.3822 IFE | CEME-48147 | 05/23/2022 | 05/23/2022 | Reference | ||||||
| College of Electrical & Mechanical Engineering (CEME) | College of Electrical & Mechanical Engineering (CEME) | Text Books | 05/23/2022 | 621.3822 IFE | CEME-48148 | 05/23/2022 | 05/23/2022 | Reference |
